| 000 | 00689nam a2200241Ia 4500 | ||
|---|---|---|---|
| 005 | 20260430150133.0 | ||
| 008 | 008 250103s9999 xx 000 0 eng d | ||
| 037 | _aTheses | ||
| 040 | _aCRL | ||
| 040 | _beng | ||
| 040 | _ceng | ||
| 041 | _2eng | ||
| 041 | _aeng | ||
| 084 | _qCRL | ||
| 100 |
_aAyushee Au.; Verma Akhilesh K. Gu. _91236569 |
||
| 245 | 0 | _aKOH/DMSO Assisted Chemo-,Regio-and Streoselective Anti-Markonikov /Hydroamidation of Arylamide using Vinyl Arenes and Alkynes | |
| 260 | _c2022 | ||
| 300 | _a230 | ||
| 650 | _aChemistry | ||
| 700 |
_aUniversity of Delhi. Faculty of Science. Deptt. of Chemistry _91236464 |
||
| 942 | _cTH | ||
| 999 |
_c1849040 _d1849040 |
||